[Event "ACL-A057"]
[Site "www.playchess.de"]
[Date "2001.01.28"]
[Round "3"]
[White "Doris"]
[Black "Chris"]
[WhiteElo "1500"]
[BlackElo "1500"]
[PlyCount "53"]
[Result "0-1"]

1.e4 c5 2.Nc3 e6 3.Be2 Nc6 4.d3 Nf6 5.Nf3 d6 6.Bg5 
Be7 7.Bxf6 Bxf6 8.Qd2 Qa5 9.Rd1 Nd4 10.O-O Nxe2+ 
11.Qxe2 O-O 12.d4 b6 13.Qd3 Ba6 14.Qd2 Bxf1 
15.Rxf1 cxd4 16.Nb1 Qxd2 17.Nbxd2 Rac8 18.c4 dxc3 
19.e.p bxc3 20.Bxc3 Nb1 21.Bb2 Rd1 22.Rc1 Rxc1 
23.Bxc1 Ne1 24.Rc8 Nd3 25.Bg5 Na3 26.Rc3 Ne1 
27.Rxa3 0-1

[Event "CCL-E006"]
[Site "www.playchess.de"]
[Date "2001.01.28"]
[Round "7"]
[White "Schachzwerg"]
[Black "lazer"]
[WhiteElo "2000"]
[BlackElo "2401"]
[PlyCount "80"]
[Result "0-1"]

1.d4 Nf6 2.c4 g6 3.Nf3 Bg7 4.Nc3 O-O 5.e4 d6 6.Bd3 
c5 7.d5 e6 8.O-O exd5 9.cxd5 Bg4 10.h3 Bxf3 
11.Qxf3 a6 12.a4 Nbd7 13.Qd1 Re8 14.Bc2 Qa5 15.Be3 
Rac8 16.Qd2 Ne5 17.Qe2 c4 18.Rab1 Nfd7 19.f4 Nd3 
20.Bxd3 cxd3 21.Qxd3 f5 22.exf5 Bxc3 23.fxg6 Bg7 
24.gxh7+ Kh8 25.Qb3 b6 26.Rbe1 Kxh7 27.f5 Re4 
28.Bf2 Qxa4 29.Qxa4 Rxa4 30.Re6 Bf8 31.g4 Ra5 
32.Rd1 Rb5 33.Bg3 Rxb2 34.Bf4 Rcc2 35.Re8 Ne5 
36.Bxe5 Rcg2+ 37.Kf1 dxe5 {No, I think I can 
win...}  38.Rxf8 Rbf2+ 39.Ke1 Rgh2 40.d6 {Show 
me...}  Rfc2 0-1

[Event "ACL-A078"]
[Site "www.playchess.de"]
[Date "2001.01.28"]
[Round "14"]
[White "iq160"]
[Black "peze3"]
[WhiteElo "1676"]
[BlackElo "1950"]
[PlyCount "33"]
[Result "1/2-1/2"]

1.c4 e5 2.g3 c6 3.d4 Bb4+ 4.Bd2 Bxd2+ 5.Qxd2 d6 
6.dxe5 dxe5 7.Qxd8+ Kxd8 8.Bg2 Be6 9.Nf3 Nd7 
10.Nfd2 Kc7 11.Nc3 a5 12.Nce4 Ngf6 13.Ng5 Rhe8 
14.O-O-O Rad8 15.Nxe6+ Rxe6 16.Bh3 Ree8 
17.Bxd7 1/2-1/2

[Event "HCL-C155"]
[Site "www.playchess.de"]
[Date "2001.01.28"]
[Round "3"]
[White "jayr015"]
[Black "archon"]
[WhiteElo "1004"]
[BlackElo "1400"]
[PlyCount "22"]
[Result "0-1"]

1.e4 {Good Luck!}  e5 2.d3 Bc5 3.Qe2 Nf6 4.Nf3 Nc6 
5.Nc3 d5 6.exd5 Nxd5 7.Nxe5 Nd4 8.Ng6+ Nxe2 9.Nxh8 
Nexc3 10.Bd2 Qe7+ 11.Be3 Bxe3 0-1

[Event "ACL-A081"]
[Site "www.playchess.de"]
[Date "2001.01.28"]
[Round "12"]
[White "Player"]
[Black "Edik"]
[WhiteElo "1746"]
[BlackElo "1501"]
[PlyCount "32"]
[Result "1/2-1/2"]

1.e4 c6 2.d4 d5 3.Nc3 dxe4 4.Nxe4 Bf5 5.Ng3 Bg6 
6.Nf3 Nd7 7.Bd3 Bxd3 8.Qxd3 e6 9.O-O Bd6 10.Ne4 
Bc7 11.Qb3 Rb8 12.Re1 Ngf6 13.Bg5 h6 14.Bxf6 Nxf6 
15.Nxf6+ Qxf6 16.Ne5 Bxe5 1/2-1/2

[Event "HCL-B100"]
[Site "www.playchess.de"]
[Date "2001.01.28"]
[Round "1"]
[White "Drugo_Izdanje"]
[Black "Rengar"]
[WhiteElo "1500"]
[BlackElo "1035"]
[PlyCount "37"]
[Result "1-0"]

1.e4 c5 2.d4 cxd4 3.c3 dxc3 4.Nxc3 Nc6 5.Nf3 d6 
6.Bc4 e6 7.O-O Nf6 8.Qe2 a6 9.Rd1 Qc7 10.Bf4 e5 
11.Nd5 Nxd5 12.exd5 Ne7 13.Nxe5 g6 14.Rac1 Qb6 
15.Rde1 f6 16.Ng4 Bxg4 17.Qxg4 f5 18.Qe2 Kd7 
19.Qe6+ 1-0

[Event "HCL-B100"]
[Site "www.playchess.de"]
[Date "2001.01.28"]
[Round "7"]
[White "BerndS"]
[Black "Drugo_Izdanje"]
[WhiteElo "1848"]
[BlackElo "1500"]
[PlyCount "37"]
[Result "1/2-1/2"]

1.d4 Nf6 2.c4 e5 3.dxe5 Ng4 4.Bf4 Nc6 5.Nf3 Bb4+ 
6.Nbd2 Qe7 7.a3 Ngxe5 8.Nxe5 Nxe5 9.e3 Bxd2+ 
10.Qxd2 d6 11.c5 dxc5 12.Qd5 Nc6 13.Bb5 O-O 
14.Bxc6 bxc6 15.Qxc6 Rb8 16.Qxc7 Qxc7 17.Bxc7 Rxb2 
18.O-O Be6 19.Bd6 1/2-1/2

[Event "HCL-C078"]
[Site "www.playchess.de"]
[Date "2001.01.28"]
[Round "3"]
[White "Claire"]
[Black "Hanbei"]
[WhiteElo "1000"]
[BlackElo "1000"]
[PlyCount "46"]
[Result "0-1"]

1.e4 e5 2.Nf3 Nc6 3.Bc4 Bc5 4.Nc3 Nf6 5.Ng5 d5 
6.exd5 Na5 7.d3 h6 8.Nge4 Bb4 9.O-O Bf5 10.Bd2 O-O 
11.Nb5 Bxd2 12.Qxd2 Nxc4 13.d4 Nxd2 14.Nxd2 a6 
15.dxe5 Nxd5 16.Rfd1 axb5 17.Nb3 Bxc2 18.Rd2 Bxb3 
19.axb3 c6 20.Rad1 Re8 21.Re2 Nf4 22.Rxd8 Ra1+ 
23.Rd1 Rxd1+ 0-1

[Event "HCL-C078"]
[Site "www.playchess.de"]
[Date "2001.01.28"]
[Round "5"]
[White "katrina"]
[Black "Claire"]
[WhiteElo "828"]
[BlackElo "1000"]
[PlyCount "43"]
[Result "1-0"]

1.d4 d5 2.c4 Nf6 3.Nf3 Nc6 4.cxd5 Nxd5 5.e4 Nf4 
6.Bxf4 Bg4 7.Be3 e6 8.Bb5 Bd6 9.e5 Bb4+ 10.Nc3 O-O 
11.O-O Ne7 12.h3 Bh5 13.Bd3 Nd5 14.Bxh7+ Kxh7 
15.Nxd5 Qxd5 16.Ng5+ Kg8 17.Qxh5 Rfd8 18.Qxf7+ Kh8 
19.Qh5+ Kg8 20.Qh7+ Kf8 21.Qh8+ Ke7 
22.Qxg7+ 1-0

[Event "HCL-C078"]
[Site "www.playchess.de"]
[Date "2001.01.28"]
[Round "6"]
[White "Hanbei"]
[Black "katrina"]
[WhiteElo "1000"]
[BlackElo "828"]
[PlyCount "82"]
[Result "0-1"]

1.e4 e5 2.Nf3 Nc6 3.Bb5 a6 4.Bxc6 dxc6 5.d4 exd4 
6.Qxd4 Qxd4 7.Nxd4 Bd7 8.O-O O-O-O 9.Be3 Nf6 
10.Bg5 c5 11.Bxf6 gxf6 12.Nf3 Rg8 13.h3 Bxh3 
14.Kh2 Bxg2 15.Rg1 Bxf3 16.Rxg8 Bd6+ 17.Rg3 Bxg3+ 
18.Kxg3 Bxe4 19.Na3 h5 20.Re1 Bd5 21.b3 Kd7 22.Rd1 
Ke7 23.c4 Be6 24.Rxd8 Kxd8 25.f3 Ke7 26.Kh4 Bf5 
27.Kxh5 Bg6+ 28.Kg4 Ke6 29.Kf4 Kd6 30.Ke3 c6 31.f4 
b5 32.cxb5 cxb5 33.Kd2 Kd5 34.Ke3 Bf5 35.Kf3 Kd4 
36.Ke2 Kc3 37.Ke3 Kb2 38.Nxb5 axb5 39.a4 bxa4 
40.bxa4 c4 41.a5 c3 0-1

[Event "HCL-C078"]
[Site "www.playchess.de"]
[Date "2001.01.28"]
[Round "9"]
[White "Michael_Schenk"]
[Black "Hanbei"]
[WhiteElo "867"]
[BlackElo "1000"]
[PlyCount "79"]
[Result "1/2-1/2"]

1.e4 e5 2.f4 Nc6 3.fxe5 Nxe5 4.Nf3 Nxf3+ 5.Qxf3 
Qh4+ 6.g3 Qf6 7.Bg2 Bc5 8.Nc3 c6 9.Rf1 d6 10.d3 
Bb4 11.Bd2 Be6 12.O-O-O Qxf3 13.Bxf3 Nf6 14.Kb1 
O-O 15.a3 Bxc3 16.Bxc3 Ng4 17.Rd2 Ne5 18.b4 b5 
19.Bd1 f5 20.Bd4 a5 21.Rdf2 g6 22.h3 axb4 23.axb4 
fxe4 24.R2xf8+ Rxf8 25.Rxf8+ Kxf8 26.Bg4 Nxg4 
27.hxg4 Bxg4 28.dxe4 Ke7 29.Kc1 Ke6 30.Kd2 d5 
31.exd5+ Kxd5 32.Kd3 h5 33.c3 Bf5+ 34.Ke3 g5 
35.Kf3 h4 36.Bf6 g4+ 37.Kg2 h3+ 38.Kh2 c5 39.bxc5 
Kxc5 40.Bg7 1/2-1/2

[Event "HCL-C078"]
[Site "www.playchess.de"]
[Date "2001.01.28"]
[Round "10"]
[White "katrina"]
[Black "Michael_Schenk"]
[WhiteElo "828"]
[BlackElo "867"]
[PlyCount "93"]
[Result "1-0"]

1.d4 c5 2.dxc5 e5 3.Nc3 Bxc5 4.Nf3 Nc6 5.e4 d6 
6.a3 Nf6 7.Bc4 a5 8.O-O O-O 9.Bg5 Be6 10.Nd5 h6 
11.Nxf6+ gxf6 12.Bxe6 fxg5 13.Bg4 Ne7 14.Qd3 d5 
15.Nxe5 dxe4 16.Qxe4 f5 17.Qc4+ Qd5 18.Bf3 Qxc4 
19.Nxc4 g4 20.Bxb7 Ra7 21.Nxa5 Rxa5 22.b4 Bxf2+ 
23.Rxf2 Ra7 24.Bf3 gxf3 25.Rxf3 Kg7 26.c4 Kg6 
27.g4 f4 28.h4 Rc7 29.c5 Nd5 30.Rd1 Ne3 31.Rd6+ 
Rf6 32.Rxf6+ Kxf6 33.Rxf4+ Ke5 34.Rf8 Nxg4 35.Rg8 
Kf4 36.Kg2 Ra7 37.Rf8+ Ke5 38.Kf3 Nf6 39.Ke2 Rxa3 
40.c6 Rc3 41.b5 Rc5 42.b6 Rxc6 43.b7 Nd7 44.Rd8 
Nb8 45.Rxb8 Rc7 46.Re8+ Kd6 47.b8Q 1-0

[Event "HCL-B110"]
[Site "www.playchess.de"]
[Date "2001.01.28"]
[Round "1"]
[White "peze"]
[Black "Schwachspieler"]
[WhiteElo "1818"]
[BlackElo "1700"]
[PlyCount "41"]
[Result "1-0"]

1.e4 e5 2.f4 Nc6 3.Nc3 exf4 4.Nf3 Bb4 5.d4 Nf6 
6.d5 Nxe4 7.dxc6 Qe7 8.Qe2 bxc6 9.Bd2 Bxc3 10.Bxc3 
Nxc3 11.bxc3 d5 12.Rb1 Bg4 13.Kf2 Bxf3 14.Kxf3 
Qxe2+ 15.Bxe2 g5 16.c4 Kd7 17.Rbd1 Rab8 18.h4 f6 
19.hxg5 fxg5 20.Rh6 Rb2 21.cxd5 1-0

[Event "HCL-B110"]
[Site "www.playchess.de"]
[Date "2001.01.28"]
[Round "11"]
[White "peze"]
[Black "Drugo_Izdanje"]
[WhiteElo "1818"]
[BlackElo "1675"]
[PlyCount "57"]
[Result "1-0"]

1.c4 e5 2.Nc3 Nf6 3.g3 d5 4.cxd5 Nxd5 5.Bg2 Nb6 
6.Nf3 Nc6 7.O-O Be7 8.a3 O-O 9.b4 Be6 10.d3 a5 
11.b5 Nd4 12.Nd2 c6 13.bxc6 Nxc6 14.Rb1 Rb8 15.Bb2 
Qd7 16.Nf3 Nd4 17.Nxe5 Qd6 18.e3 Qxe5 19.Ne4 Ne2+ 
20.Qxe2 Qc7 21.f4 Qd7 22.Be5 Nd5 23.Bxb8 Rxb8 
24.Qd2 b6 25.Nf2 Bxa3 26.f5 Bb4 27.fxe6 Bxd2 
28.exd7 Nxe3 29.Rfc1 1-0

[Event "HCL-B110"]
[Site "www.playchess.de"]
[Date "2001.01.28"]
[Round "12"]
[White "Drugo_Izdanje"]
[Black "Schwachspieler"]
[WhiteElo "1675"]
[BlackElo "1700"]
[PlyCount "25"]
[Result "1-0"]

1.e4 e5 2.Nf3 Nc6 3.Bb5 Nf6 4.O-O Nxe4 5.d4 Nd6 
6.Bxc6 dxc6 7.dxe5 Nf5 8.Qxd8+ Kxd8 9.Nc3 Ke8 
10.h3 a5 11.Ne2 Be6 12.Nf4 Rd8 
13.Nxe6 1-0

[Event "HCL-B110"]
[Site "www.playchess.de"]
[Date "2001.01.28"]
[Round "16"]
[White "Martin"]
[Black "peze"]
[WhiteElo "1248"]
[BlackElo "1818"]
[PlyCount "60"]
[Result "0-1"]

1.e4 c5 2.Nf3 d6 3.Bc4 Nf6 4.O-O Nxe4 5.Re1 d5 
6.Bb5+ Bd7 7.Qe2 e6 8.a4 Bd6 9.d3 Nf6 10.Bg5 O-O 
11.d4 cxd4 12.Nxd4 Nc6 13.Nb3 a6 14.Bd3 Rc8 15.Nc3 
h6 16.Bh4 Nb4 17.Nd1 Nxd3 18.Qxd3 Qc7 19.Ne3 Bxh2+ 
20.Kh1 Ne4 21.Ng4 Bf4 22.Re2 Rfe8 23.f3 Ng3+ 
24.Bxg3 Bxg3 25.c3 Qd8 26.Nd4 Qg5 27.Nf2 e5 28.Nc2 
Qh4+ 29.Kg1 Bxa4 30.Ne3 Bb5 0-1

[Event "HCL-A024"]
[Site "www.playchess.de"]
[Date "2001.01.28"]
[Round "1"]
[White "Brrrr"]
[Black "Paynemaster"]
[WhiteElo "1589"]
[BlackElo "1700"]
[PlyCount "51"]
[Result "1-0"]

1.d4 d5 2.c4 c6 3.Nc3 Nf6 4.Bg5 Nbd7 5.Nf3 e6 6.e3 
Bb4 7.Bd3 Qa5 8.Qb3 dxc4 9.Bxc4 Ne4 10.Bxe6 Bxc3+ 
11.bxc3 Nxg5 12.Nxg5 Qxg5 13.Bxf7+ Kd8 14.O-O Rf8 
15.Be6 Nb6 16.Bxc8 Rxc8 17.e4 Kc7 18.a4 Rf4 19.a5 
Nd7 20.e5 Rg4 21.g3 h5 22.Rab1 Rb8 23.Qf7 Rf8 
24.Rxb7+ Kxb7 25.Qxd7+ Kb8 26.Rb1+ 1-0

[Event "HCL-A024"]
[Site "www.playchess.de"]
[Date "2001.01.28"]
[Round "2"]
[White "nomad"]
[Black "Brrrr"]
[WhiteElo "1700"]
[BlackElo "1589"]
[PlyCount "74"]
[Result "0-1"]

1.e4 c5 2.Nc3 Nc6 3.Bc4 Nf6 4.d3 e6 5.Bg5 Be7 
6.Nge2 a6 7.O-O Qc7 8.f4 Ng4 9.Bxe7 Nxe7 10.Qd2 b5 
11.Bb3 d6 12.h3 Nf6 13.a3 O-O 14.Qe3 Bb7 15.d4 b4 
16.axb4 cxb4 17.e5 Nf5 18.Qf2 bxc3 19.exf6 cxb2 
20.fxg7 Kxg7 21.Rab1 a5 22.Rxb2 a4 23.g4 axb3 
24.gxf5 bxc2 25.Qh4 Rfg8 26.Kh2 Kf8 27.Rf2 Ra1 
28.Rxb7 c1Q 29.Nxc1 Qxb7 30.Qh6+ Ke8 31.Qxh7 Rf8 
32.fxe6 Rxc1 33.Re2 Qh1+ 34.Kg3 Rc3+ 35.Kg4 Qf3+ 
36.Kg5 Qxe2 37.exf7+ Rxf7 0-1

[Event "HCL-A024"]
[Site "www.playchess.de"]
[Date "2001.01.28"]
[Round "3"]
[White "Paynemaster"]
[Black "nomad"]
[WhiteElo "1700"]
[BlackElo "1700"]
[PlyCount "72"]
[Result "0-1"]

1.d4 d5 2.c4 Nf6 3.Nc3 Nc6 4.cxd5 Nxd5 5.e4 Nf6 
6.d5 Ne5 7.f4 Bg4 8.Be2 Bxe2 9.Ngxe2 Ng6 10.O-O e6 
11.dxe6 Bc5+ 12.Kh1 fxe6 13.f5 exf5 14.exf5 Qxd1 
15.Rxd1 Ng4 16.Ne4 Ne7 17.h3 Ne3 18.Bxe3 Bxe3 
19.g4 h5 20.Kg2 hxg4 21.hxg4 Bb6 22.Nf4 Nc6 23.Ne6 
Ke7 24.Nxg7 Rh4 25.f6+ Kf7 26.Rd7+ Kg6 27.Kg3 Rah8 
28.Rad1 R4h3+ 29.Kg2 R3h2+ 30.Kf1 R2h1+ 31.Kg2 
R8h2+ 32.Kg3 R2h3+ 33.Kg2 R1h2+ 34.Kf1 Rf3+ 35.Ke1 
Re3+ 36.Kf1 Rxe4 0-1

[Event "HCL-A024"]
[Site "www.playchess.de"]
[Date "2001.01.28"]
[Round "11"]
[White "Brrrr"]
[Black "Nils"]
[WhiteElo "1589"]
[BlackElo "2026"]
[PlyCount "68"]
[Result "0-1"]

1.d4 Nf6 2.c4 e6 3.Nf3 d5 4.Bg5 dxc4 5.Qa4+ Nc6 
6.e4 Bb4+ 7.Nc3 Bd7 8.Qc2 h6 9.Bd2 Na5 10.e5 Nh7 
11.Nb1 c5 12.dxc5 Bxc5 13.Qc3 b6 14.Na3 Rc8 
15.Nxc4 Nxc4 16.Bxc4 b5 17.Be3 bxc4 18.Bxc5 Rxc5 
19.b4 Rd5 20.O-O Bb5 21.a4 Rd3 22.Qc2 Bc6 23.Qxc4 
Bxf3 24.Qb5+ Kf8 25.gxf3 Ng5 26.Kh1 Nxf3 27.Rfc1 
Kg8 28.Rc8 Qxc8 29.Qxd3 Qb7 30.Qc3 Nxe5+ 31.Kg1 
Nf3+ 32.Kf1 Nxh2+ 33.Ke2 Qe4+ 34.Kd1 
Kh7 0-1

[Event "HCL-A024"]
[Site "www.playchess.de"]
[Date "2001.01.28"]
[Round "12"]
[White "Nils"]
[Black "Paynemaster"]
[WhiteElo "2026"]
[BlackElo "1700"]
[PlyCount "52"]
[Result "0-1"]

1.e4 e6 2.d4 d5 3.e5 c5 4.c3 Nc6 5.Nf3 h6 6.Be2 
Nge7 7.O-O c4 8.b3 b5 9.a4 Na5 10.Nbd2 Bd7 11.axb5 
Bxb5 12.bxc4 Bxc4 13.Nxc4 Nxc4 14.Bxc4 dxc4 
15.Qa4+ Qd7 16.Qxc4 Nd5 17.Qb3 Be7 18.c4 Nb6 
19.Be3 O-O 20.d5 exd5 21.Rfd1 Rab8 22.cxd5 Rfc8 
23.d6 Bf8 24.Qa3 Nc4 25.Qxa7 Qe6 26.Bf4 
Qf5 0-1

[Event "HCL-A024"]
[Site "www.playchess.de"]
[Date "2001.01.28"]
[Round "13"]
[White "nomad"]
[Black "Nils"]
[WhiteElo "1700"]
[BlackElo "2026"]
[PlyCount "50"]
[Result "0-1"]

1.f4 Nf6 2.c4 e6 3.Nc3 d5 4.d4 Bb4 5.Bd2 dxc4 6.e3 
Bxc3 7.bxc3 b5 8.a4 c6 9.axb5 cxb5 10.Qb1 a6 
11.Nf3 Bb7 12.Ne5 Ne4 13.Bxc4 Qh4+ 14.Kd1 Nf2+ 
15.Kc1 Nxh1 16.Bxb5+ axb5 17.Rxa8 Bxa8 18.Qxb5+ 
Nc6 19.g3 Qxh2 20.Qc5 Nf2 21.Qd6 Qh1+ 22.Kb2 Nxe5 
23.fxe5 Qb7+ 24.Kc1 Qb3 25.Be1 
Be4 0-1

[Event "HCL-A024"]
[Site "www.playchess.de"]
[Date "2001.01.28"]
[Round "16"]
[White "bondegnasker"]
[Black "Brrrr"]
[WhiteElo "1725"]
[BlackElo "1589"]
[PlyCount "46"]
[Result "0-1"]

1.c4 Nf6 2.Nc3 e6 3.g3 d5 4.Bg2 d4 5.Ne4 e5 6.d3 
Nxe4 7.Bxe4 Bb4+ 8.Bd2 Bd6 9.b4 f5 10.Bg2 a5 11.c5 
Be7 12.bxa5 Bxc5 13.Qb3 Ra7 14.Nf3 Qe7 15.Qd5 Nc6 
16.Bg5 Bb4+ 17.Kf1 Qd7 18.Qc4 Rxa5 19.Rb1 e4 
20.dxe4 fxe4 21.Nd2 Rxg5 22.Rxb4 Nxb4 23.Qxb4 
Rb5 0-1

[Event "HCL-A024"]
[Site "www.playchess.de"]
[Date "2001.01.28"]
[Round "17"]
[White "Paynemaster"]
[Black "bondegnasker"]
[WhiteElo "1700"]
[BlackElo "1725"]
[PlyCount "79"]
[Result "1-0"]

1.d4 e6 2.c4 Bb4+ 3.Bd2 Qe7 4.e4 Nf6 5.Bd3 d5 6.e5 
Nfd7 7.Nf3 dxc4 8.Bxc4 Nb6 9.Bd3 Nc6 10.O-O Bxd2 
11.Nbxd2 Bd7 12.a3 Nd5 13.Rc1 O-O 14.Qc2 g6 15.Ne4 
Rad8 16.Bc4 Nb6 17.Nf6+ Kg7 18.Qd2 Nxc4 19.Rxc4 
Bc8 20.Rd1 Nxe5 21.Nxe5 Qxf6 22.Rxc7 Rde8 23.Ng4 
Qh4 24.Qe2 h5 25.Ne5 Re7 26.g3 Qf6 27.Rdc1 Rxc7 
28.Rxc7 Qd8 29.Qc4 Kg8 30.Qc2 Kg7 31.Nxg6 Qxc7 
32.Qxc7 Kxg6 33.Qe7 Rh8 34.f4 Kg7 35.Qg5+ Kf8 
36.Qc5+ Kg7 37.Qxa7 h4 38.Kg2 hxg3 39.hxg3 f5 
40.a4 1-0

[Event "HCL-A024"]
[Site "www.playchess.de"]
[Date "2001.01.28"]
[Round "18"]
[White "bondegnasker"]
[Black "nomad"]
[WhiteElo "1725"]
[BlackElo "1700"]
[PlyCount "30"]
[Result "0-1"]

1.d4 d5 2.c4 Nf6 3.cxd5 Nxd5 4.e4 Nf6 5.Nc3 e6 
6.a3 Nc6 7.Be3 Be7 8.Nf3 O-O 9.Bd3 Ng4 10.Qd2 e5 
11.Ne2 Nxe3 12.Qxe3 exd4 13.Nexd4 Nxd4 14.Qxd4 
Qxd4 15.Nxd4 Rd8 0-1

[Event "HCL-A024"]
[Site "www.playchess.de"]
[Date "2001.01.28"]
[Round "21"]
[White "Nils"]
[Black "bondegnasker"]
[WhiteElo "2026"]
[BlackElo "1725"]
[PlyCount "65"]
[Result "1-0"]

1.e4 e6 2.d4 d5 3.Nd2 Be7 4.e5 c5 5.Qg4 g5 6.dxc5 
h5 7.Qg3 Nh6 8.Qc3 Qc7 9.Nb3 a5 10.a4 Na6 11.h4 
gxh4 12.Bb5+ Bd7 13.Bxd7+ Kxd7 14.Bxh6 Rxh6 
15.Nxa5 Nxc5 16.Nb3 Nxb3 17.cxb3 Qb6 18.Qd3 Rg6 
19.Rh2 Qb4+ 20.Kf1 b5 21.Qc3 Rg4 22.a5 Qf4 23.Rc1 
Bb4 24.Qc7+ Ke8 25.Qc6+ Ke7 26.Qb7+ Kf8 27.Qxa8+ 
Kg7 28.Rc8 Qxe5 29.Nf3 Re4 30.Rg8+ Kh7 31.g4 h3 
32.Rxh3 Re1+ 33.Kg2 1-0

[Event "HCL-A024"]
[Site "www.playchess.de"]
[Date "2001.01.28"]
[Round "24"]
[White "nomad"]
[Black "tyhee"]
[WhiteElo "1700"]
[BlackElo "2054"]
[PlyCount "80"]
[Result "0-1"]

1.e4 e5 2.Nf3 Nf6 3.d4 Nxe4 4.Qe2 d5 5.Nxe5 Be7 
6.c4 O-O 7.cxd5 Bb4+ 8.Bd2 Nxd2 9.Nxd2 Qxd5 10.Qe3 
Nc6 11.Bc4 Qxg2 12.O-O-O Nxe5 13.Qxe5 Bxd2+ 
14.Kxd2 Qxf2+ 15.Kc1 Bh3 16.Rhg1 g6 17.Bd3 Rfe8 
18.Qh5 Be6 19.d5 Qc5+ 20.Kb1 Qxd5 21.Bxg6 Qxh5 
22.Bxh5+ Kf8 23.Bg4 Bxg4 24.Rxg4 Rad8 25.Rdg1 Re2 
26.R4g8+ Ke7 27.Rxd8 Kxd8 28.Rd1+ Ke7 29.Rc1 c6 
30.Rh1 f5 31.h3 Ke6 32.a3 f4 33.Rf1 Ke5 34.Rf3 Ke4 
35.Rc3 f3 36.Rc4+ Ke3 37.Rc3+ Kf2 38.Kc1 Kg2 
39.Kd1 Rxb2 40.Rc5 f2 0-1

[Event "HCL-A024"]
[Site "www.playchess.de"]
[Date "2001.01.28"]
[Round "27"]
[White "tyhee"]
[Black "Nils"]
[WhiteElo "2054"]
[BlackElo "2026"]
[PlyCount "43"]
[Result "1-0"]

1.e4 e5 2.Nf3 Nc6 3.Bc4 Nf6 4.Ng5 d5 5.exd5 Nxd5 
6.Nxf7 Kxf7 7.Qf3+ Ke6 8.Nc3 Ncb4 9.Qe4 c6 10.a3 
b5 11.Bb3 Na6 12.Nxd5 cxd5 13.d4 Qd6 14.dxe5 Qc6 
15.Be3 Nc5 16.Bxc5 Qxc5 17.O-O-O Bb7 18.Qg4+ Ke7 
19.e6 Qxf2 20.Rhf1 Qe3+ 21.Kb1 Qe4 
22.Qg3 1-0

[Event "HCL-A024"]
[Site "www.playchess.de"]
[Date "2001.01.28"]
[Round "28"]
[White "bondegnasker"]
[Black "tyhee"]
[WhiteElo "1725"]
[BlackElo "2054"]
[PlyCount "48"]
[Result "0-1"]

1.d4 d5 2.Nf3 Nf6 3.c4 dxc4 4.e3 e6 5.Bxc4 c5 
6.O-O a6 7.Nbd2 b5 8.Be2 Bb7 9.a4 b4 10.dxc5 Bxc5 
11.Nb3 Bd6 12.Na5 Bxh2+ 13.Kxh2 Qxa5 14.b3 O-O 
15.Qd4 Rd8 16.Qh4 Bxf3 17.Bxf3 Qe5+ 18.Qg3 Qxa1 
19.Bxa8 Nbd7 20.Bb7 Nc5 21.Qc7 Qe5+ 22.Qxe5 Ng4+ 
23.Kg3 Nxe5 24.Bb2 Ned3 0-1

[Event "HCL-A010"]
[Site "www.playchess.de"]
[Date "2001.01.29"]
[Round "4"]
[White "avi_moves"]
[Black "tyhee"]
[WhiteElo "1900"]
[BlackElo "2201"]
[PlyCount "78"]
[Result "0-1"]

1.e4 d5 2.Nc3 dxe4 3.Nxe4 Qd5 4.Nc3 Qa5 5.d4 Nf6 
6.Bc4 Bf5 7.Bd2 Qb6 8.Nf3 Nbd7 9.O-O e6 10.Re1 c6 
11.Bb3 Bd6 12.h3 O-O 13.Na4 Qc7 14.c4 Ne4 15.Nc3 
Ndf6 16.Nxe4 Nxe4 17.Bc2 Nxd2 18.Qxd2 Bxc2 19.Qxc2 
Be7 20.Ne5 c5 21.dxc5 Bxc5 22.Rad1 Rad8 23.Qe4 Bb4 
24.Ref1 Bd6 25.Nf3 Be7 26.b3 a5 27.Nd4 Bc5 28.Nf3 
h6 29.g4 Qg3+ 30.Kh1 Qxh3+ 31.Nh2 Rxd1 32.Rxd1 
Bxf2 33.Qxb7 Bg3 34.Qg2 Qh4 35.c5 Bxh2 36.Qxh2 
Qxg4 37.Rg1 Qf3+ 38.Rg2 Rd8 39.Qg3 
Rd1+ 0-1

[Event "HCL-A025"]
[Site "www.playchess.de"]
[Date "2001.01.29"]
[Round "8"]
[White "Scourge01"]
[Black "acamaki"]
[WhiteElo "1678"]
[BlackElo "2075"]
[PlyCount "68"]
[Result "0-1"]

1.e4 e5 2.Nf3 Nc6 3.Bb5 a6 4.Ba4 Nf6 5.O-O Nxe4 
6.d4 b5 7.Bb3 d5 8.dxe5 Be6 9.c3 Bc5 10.Nbd2 O-O 
11.Bc2 f5 12.Nb3 Bb6 13.Nfd4 Nxd4 14.Nxd4 Bxd4 
15.cxd4 f4 16.f3 Ng3 17.hxg3 fxg3 18.Qd3 Bf5 
19.Qxf5 Rxf5 20.Bxf5 Qh4 21.Bh3 Qxd4+ 22.Kh1 Qxe5 
23.Bd2 c5 24.Bc3 d4 25.Rae1 Qc7 26.Bd2 Rf8 27.Re4 
h6 28.Rfe1 b4 29.R4e7 Qa5 30.a3 Qa4 31.Rd7 Qc2 
32.Ree7 Kh8 33.Be1 Rxf3 34.Kg1 
Re3 0-1

[Event "HCL-A028"]
[Site "www.playchess.de"]
[Date "2001.01.29"]
[Round "14"]
[White "GoodKnight"]
[Black "kron"]
[WhiteElo "1700"]
[BlackElo "1900"]
[PlyCount "47"]
[Result "1-0"]

1.e4 e6 2.d4 d5 3.Nc3 Bb4 4.e5 c5 5.a3 Bxc3+ 
6.bxc3 Ne7 7.Nf3 Qa5 8.Bd2 Nbc6 9.c4 Qa4 10.c3 
Qxd1+ 11.Rxd1 O-O 12.dxc5 dxc4 13.Bxc4 Ng6 14.O-O 
Ngxe5 15.Nxe5 Nxe5 16.Bb3 b6 17.Bf4 Ng6 18.Bd6 Ba6 
19.Rfe1 Rfc8 20.Ba4 Nf8 21.c6 Bc4 22.c7 b5 23.Bc2 
Bd5 24.Be4 1-0

[Event "HCL-A028"]
[Site "www.playchess.de"]
[Date "2001.01.29"]
[Round "25"]
[White "Sd_68"]
[Black "kron"]
[WhiteElo "1741"]
[BlackElo "1900"]
[PlyCount "37"]
[Result "1-0"]

1.Nf3 d5 2.g3 c5 3.Bg2 Nc6 4.b3 e5 5.d3 f5 6.e4 
dxe4 7.dxe4 Qxd1+ 8.Kxd1 fxe4 9.Ng5 Bg4+ 10.f3 
exf3 11.Bxf3 Bxf3+ 12.Nxf3 O-O-O+ 13.Ke2 Nd4+ 
14.Nxd4 exd4 15.Bf4 Bd6 16.Bxd6 Rxd6 17.Na3 Nf6 
18.Nc4 Re8+ 19.Kd3 1-0

[Event "HCL-A036"]
[Site "www.playchess.de"]
[Date "2001.01.29"]
[Round "5"]
[White "ABBOTS"]
[Black "Norbert"]
[WhiteElo "1800"]
[BlackElo "1700"]
[PlyCount "119"]
[Result "0-1"]

1.e4 e5 2.Nf3 Nc6 3.Bb5 a6 4.Bxc6 dxc6 5.O-O Qd6 
6.d3 Nf6 7.b3 Bg4 8.Nbd2 Nd7 9.Nc4 Qf6 10.h3 Bxf3 
11.Qxf3 Qxf3 12.gxf3 b5 13.Na5 c5 14.a4 Bd6 15.Nb7 
b4 16.Nxd6+ cxd6 17.f4 exf4 18.Bxf4 Ke7 19.Bd2 
Rhe8 20.Rae1 d5 21.f3 Ke6 22.Re2 g6 23.exd5+ Kxd5 
24.Rfe1 Rxe2 25.Rxe2 Ne5 26.Kf2 Nc6 27.Be3 Re8 
28.c4+ bxc3 29.e.p Rc2 30.Nd4 Rxc3 31.Rb8 Bf4 
32.Rxb3 Rxb3 33.Nxb3 Ke3 34.c4 dxc4+ 35.Kxc4 Bc7 
36.Kb4 Kf4 37.Kxa4 Ke5 38.Kb5 Kf6 39.Nd4 Kxf7 
40.Nxf3 Bd8 41.g5 Kf6 42.a5 Kf5 43.a4 Be7 44.h5 
Ke4 45.Ng1 Bxg5 46.Nxh3 Be7 47.Nf2+ Ke3 48.Ng4+ 
Kf4 49.Nh6 Kg5 50.h4 Kf4 51.Nf5 Bf8 52.Kc4 Kg4 
53.Kb3 Kf3 54.Nd4+ Kg4 55.Nc2 Kxh4 56.Nb4 Kg4 
57.a3 Kf3 58.a2 Bg7 59.Nd3 Ba1 
60.Kc2 0-1

[Event "HCL-A042"]
[Site "www.playchess.de"]
[Date "2001.01.29"]
[Round "16"]
[White "bondegnasker"]
[Black "sazex"]
[WhiteElo "1624"]
[BlackElo "1688"]
[PlyCount "68"]
[Result "0-1"]

1.d4 d5 2.c4 c6 3.Nf3 Nf6 4.Qc2 Bg4 5.Ne5 Bh5 6.g3 
dxc4 7.Qxc4 e6 8.Bg2 Nbd7 9.O-O Nxe5 10.dxe5 Nd7 
11.f4 Bc5+ 12.Kh1 O-O 13.a4 Qe7 14.e4 Rfd8 15.Bd2 
Nb6 16.Qc2 Be2 17.Rc1 Nc4 18.Be1 Bd3 19.Qc3 Be3 
20.Nd2 Bxd2 21.Bxd2 Nxd2 22.Qxd2 Bxe4 23.Qc3 Rd3 
24.Qe1 Bxg2+ 25.Kxg2 Rad8 26.Rc2 Qd7 27.Rf2 Qd5+ 
28.Kg1 Qd4 29.Kf1 Qc4 30.Kg1 R8d4 31.Re2 Qd5 
32.Qf2 R3d2 33.Rae1 Rxe2 34.Rxe2 
Rxa4 0-1

[Event "HCL-A045"]
[Site "www.playchess.de"]
[Date "2001.01.29"]
[Round "10"]
[White "EKALAYA"]
[Black "DKCozy"]
[WhiteElo "1949"]
[BlackElo "1772"]
[PlyCount "29"]
[Result "1-0"]

1.e4 e6 2.d4 b6 3.Bd3 Bb7 4.Nc3 c5 5.Nf3 Ne7 6.Nb5 
d5 7.e5 Ng6 8.h4 a6 9.h5 axb5 10.hxg6 c4 11.gxf7+ 
Kd7 12.Bxh7 Nc6 13.Rh3 b4 14.Ng5 Be7 
15.Nxe6 1-0

[Event "HCL-A046"]
[Site "www.playchess.de"]
[Date "2001.01.29"]
[Round "10"]
[White "Gearloose"]
[Black "paule"]
[WhiteElo "2016"]
[BlackElo "1819"]
[PlyCount "43"]
[Result "0-1"]

1.e4 e6 2.d4 d5 3.e5 c5 4.c3 Nc6 5.Nf3 Qb6 6.a3 c4 
7.Nbd2 f6 8.Be2 fxe5 9.Nxe5 Nxe5 10.dxe5 Bc5 
11.O-O Ne7 12.b4 cxb3 13.e.p Nxb3 14.O-O Nxc5 
15.Qxc5 Qd4 16.Qc7 f4 17.b6 Qd3 18.Bb7 g4 19.Ng6 
Be3 20.Rac8 Rac1 21.Qe7 Bd4 22.Nxf4 0-1

[Event "HCL-A048"]
[Site "www.playchess.de"]
[Date "2001.01.29"]
[Round "14"]
[White "Mathemagician"]
[Black "teenspirit"]
[WhiteElo "1541"]
[BlackElo "1767"]
[PlyCount "57"]
[Result "1/2-1/2"]

1.e4 Nc6 2.d4 d5 3.exd5 Qxd5 4.Nf3 Bg4 5.Nc3 Bxf3 
6.Nxd5 Bxd1 7.Nxc7+ Kd7 8.Nxa8 Bh5 9.Bb5 e6 10.Bf4 
Bd6 11.Bxc6+ bxc6 12.Bxd6 Kxd6 13.O-O Ne7 14.c4 
Rxa8 15.Rae1 Bg6 16.Red1 Rb8 17.b3 a5 18.Rfe1 a4 
{Hi again! It's been a looonnnggg time}  19.bxa4 
Ra8 20.Rd2 Rxa4 21.Rc1 c5 22.dxc5+ Kxc5 23.Kf1 Nc6 
24.Ke2 Nb4 25.Kf3 Nxa2 26.Ra1 Nc3 27.Rxa4 Nxa4 
28.Rd8 Kxc4 {Maybe it seems drawnish...}  29.Rg8 
{I don't see how your B+N will overcome my rook. 
Looks pretty equal to me.}  1/2-1/2

[Event "HCL-A054"]
[Site "www.playchess.de"]
[Date "2001.01.29"]
[Round "3"]
[White "peze3"]
[Black "teenspirit"]
[WhiteElo "1700"]
[BlackElo "1768"]
[PlyCount "45"]
[Result "1-0"]

1.c4 Nf6 2.Nc3 g6 3.d4 Bg7 4.e4 d6 5.Nf3 O-O 6.Be2 
e5 7.O-O Nc6 8.d5 Ne7 9.Nd2 Ne8 10.b4 f5 11.c5 Rf7 
12.Bc4 Bf8 13.c6 b6 14.a4 f4 15.a5 Rb8 16.axb6 
axb6 17.f3 g5 18.Qa4 b5 19.Bxb5 g4 20.Qa7 Rxb5 
21.Nxb5 Ng6 22.Qb8 g3 23.h3 1-0